La Haute-Corse en images - Statistiques

Statistiques générales
  • Ce quiz a été pris 19 fois
  • Le résultat moyen est 9 sur 18
Statistiques - réponses
Par images Hint Réponse % Correct
Plus grande ville Bastia
100%
Capitale historique Corte
83%
Emblème Tête de {maure}
83%
Evènement / Ville Catastrophe de {Furiani}
67%
Compagnie maritime Corsica Ferries
67%
Ville Calvi
61%
Point culminant Monte Cinto
61%
Péninsule Cap Corse
56%
Personnalité internet Maxime Biaggi
56%
Type de bâtiment Tour {génoise}
50%
Groupe indépendantiste Front de libération nationale corse
44%
Politicien / Militaire Pasquale Paoli
44%
Région naturelle Balagne
39%
Actrice / Mannequin Laetitia Casta
39%
Défaite corse 12 Bataille de {Ponte}-{Novo}
28%
Ville antique Aléria
28%
Fleuve / Ancien nom du département Golo
28%
Philosophe / Homme d'état Sénèque
6%
Aucun quiz correspondant
Distribution des résultats
% des personnes avec chaque résultat
Percentile par nombre de réponses
Votre historique - résultats
Vous n’avez pas pris ce quiz